00673nam a22002177a 4500003000500000005001700005008004100022010001000063011001000073035001000083040000900093100003300102245005200135260009100187300002100278490004300299650001800342700002500360700002700385830004300412CHAP20220329135516.0971013s1980 r 00010 d a37773 a38745 a42865 cCHAP00aQuihuis Méndez, Rigoberto. aCultivo del cártamo en la región de Caborca aCd. Obregón, Son. :bINIA. Centro de Investigaciones Agrícolas del Noroeste,c1980 aHoja desplegable aINIA. México. Hoja desplegablev; 5914aAzafrancillo.0 aAranda Lira, Samuel.0 aMonge Casillas, Jaime.0 aINIA. México. Hoja desplegablev; 59